Welcome to CU Library Online Public Access Catalogue (OPAC)

Essentials of the Ghana law of evidence / (Record no. 223)

MARC details
000 -LEADER
fixed length control field 00658cam a2200181 i 4500
001 - CONTROL NUMBER
control field 18306786
005 - DATE AND TIME OF LATEST TRANSACTION
control field 20241025183120.0
008 - FIXED-LENGTH DATA ELEMENTS--GENERAL INFORMATION
fixed length control field 140918s2014 gh b 001 0 eng
020 ## - INTERNATIONAL STANDARD BOOK NUMBER
International Standard Book Number 9789988199616
050 00 - LIBRARY OF CONGRESS CALL NUMBER
Classification number KRX3542
Item number .B76 2014
100 1# - MAIN ENTRY--PERSONAL NAME
Personal name Brobbey, S. A.
245 10 - TITLE STATEMENT
Title Essentials of the Ghana law of evidence /
Statement of responsibility, etc. by Hon Justice S.A. Brobbey, former justice of the Supreme Court, Ghana, former chief justice of the Republic of the Gambia, senior lecturer, Ghana School of Law.
250 ## - EDITION STATEMENT
Edition statement 1st
260 ## - PUBLICATION, DISTRIBUTION, ETC.
Place of publication, distribution, etc. Accra, Ghana
Name of publisher, distributor, etc. Datro Publications
Date of publication, distribution, etc. c2014
300 ## - PHYSICAL DESCRIPTION
Extent lv, 622 pages ;
Dimensions 23 cm
650 #0 - SUBJECT ADDED ENTRY--TOPICAL TERM
Topical term or geographic name entry element Evidence (Law)
Geographic subdivision Ghana.
942 ## - ADDED ENTRY ELEMENTS (KOHA)
Source of classification or shelving scheme Library of Congress Classification
Koha item type Books
Edition 1st
Suppress in OPAC No
999 ## -
-- 223
-- 223
Holdings
Withdrawn status Lost status Source of classification or shelving scheme Damaged status Not for loan Collection Home library Current library Shelving location Date acquired Total checkouts Full call number Barcode Date last seen Copy number Price effective from Koha item type Total renewals Date last checked out
    Library of Congress Classification     Non-fiction Law Library (Miotso) Law Library (Miotso) Reference 10/25/2024   KRX3542.B76 BRO llm00000271 10/25/2024 1 10/25/2024 Books    
    Library of Congress Classification     Non-fiction Law Library (Miotso) Law Library (Miotso) Reference 10/25/2024 1 KRX3542.B76 BRO LLM00000279 02/03/2026 2 10/25/2024 Books 1 02/03/2026
    Library of Congress Classification     Non-fiction Law Library (Miotso) Law Library (Miotso) Reference 10/25/2024 1 KRX3542.B76 BRO LLM00000280 04/09/2026 3 10/25/2024 Books   03/31/2026
    Library of Congress Classification     Non-fiction Law Library Annex (Miotso) Law Library Annex (Miotso) General stacks 10/28/2024   KRX3542.B76 BRO LLM00000060 10/29/2024 4 10/28/2024 Books    
    Library of Congress Classification     Non-fiction Law Library Annex (Miotso) Law Library Annex (Miotso) General stacks 10/29/2024   KRX3542.B76 BRO LLM00000050 10/29/2024 5 10/29/2024 Books    
© 2023-2024 Copyright: Central University Libraries. All Rights Reserved | Created by: Mahone Tech Office